Good business : An ethics workshop for business leaders

Business is a complex network of people, decisions affect everything and every choice has an impact. Learning ethics theory is key to establishing healthy and productive partnerships at work and also at home. This workbook provides you with proven theory and interactive case studies so you can explo...

Descrizione completa

Salvato in:
Dettagli Bibliografici
Autore principale: Endris, John
Natura: Libro
Lingua:Undetermined
Pubblicazione: United States of America Lexington 2016
Soggetti:
Tags: Aggiungi Tag
Nessun Tag, puoi essere il primo ad aggiungerne! !
Thư viện lưu trữ: Trung tâm Học liệu Trường Đại học Cần Thơ
LEADER 00914nam a2200205Ia 4500
001 CTU_226582
008 210402s9999 xx 000 0 und d
082 |a 174.4 
082 |b E56 
100 |a Endris, John 
245 0 |a Good business : 
245 3 |b An ethics workshop for business leaders 
245 0 |c John Endris 
260 |a United States of America 
260 |b Lexington 
260 |c 2016 
520 |a Business is a complex network of people, decisions affect everything and every choice has an impact. Learning ethics theory is key to establishing healthy and productive partnerships at work and also at home. This workbook provides you with proven theory and interactive case studies so you can explore the boundaries of good business in a group or alone. 
650 |a Đạo đức kinh doanh,Business ethics 
910 |b dqhieu 
980 |a Trung tâm Học liệu Trường Đại học Cần Thơ